Ruyer et la physique quantique ou « le cadeau royal de la physique contemporaine à la philosophie » (notice n° 1648716)
[ vue normale ]
| 000 -LEADER | |
|---|---|
| fixed length control field | 01202cam a2200169 4500500 |
| 005 - DATE AND TIME OF LATEST TRANSACTION | |
| control field | 20260208003731.0 |
| 041 ## - LANGUAGE CODE | |
| Language code of text/sound track or separate title | fre |
| 042 ## - AUTHENTICATION CODE | |
| Authentication code | dc |
| 100 10 - MAIN ENTRY--PERSONAL NAME | |
| Personal name | Brémondy, François |
| Relator term | author |
| 245 00 - TITLE STATEMENT | |
| Title | Ruyer et la physique quantique ou « le cadeau royal de la physique contemporaine à la philosophie » |
| 260 ## - PUBLICATION, DISTRIBUTION, ETC. | |
| Date of publication, distribution, etc. | 2007.<br/> |
| 500 ## - GENERAL NOTE | |
| General note | 70 |
| 520 ## - SUMMARY, ETC. | |
| Summary, etc. | « Un être vivant et conscient, déclare Ruyer, ne peut être expliqué par un jeu d’atomes qui n’ont absolument aucun caractère de vie et de conscience ». La physique quantique lui permet de supposer que les atomes n’en sont pas absolument dépourvus, puisqu’ils en possèdent deux traits, la délocalisation et la finalité. |
| 520 ## - SUMMARY, ETC. | |
| Summary, etc. | « A conscious and living being, Ruyer says, cannot be explained by a pattern of atoms which have strictly no features of life and consciousness ». Quantum mechanics allowed him to assume that atoms are not absolutely devoid of them, since they possess delocalisation and finality. |
| 786 0# - DATA SOURCE ENTRY | |
| Note | Les Études philosophiques | 80 | 1 | 2007-03-01 | p. 39-62 | 0014-2166 |
| 856 41 - ELECTRONIC LOCATION AND ACCESS | |
| Uniform Resource Identifier | <a href="https://shs.cairn.info/revue-les-etudes-philosophiques-2007-1-page-39?lang=fr&redirect-ssocas=7080">https://shs.cairn.info/revue-les-etudes-philosophiques-2007-1-page-39?lang=fr&redirect-ssocas=7080</a> |
Pas d'exemplaire disponible.




Réseaux sociaux